Cities in West Virginia by picture - Statistics

General Stats
  • This quiz has been taken 15 times
  • The average score is 8 of 16
Answer Stats
Picture Answer % Correct
Charleston
100%
Huntington
93%
Parkersburg
93%
Morgantown
86%
Wheeling
86%
Martinsburg
71%
Fairmont
64%
Beckley
57%
Clarksburg
57%
Bluefield
21%
Nitro
21%
Princeton
21%
Elkins
14%
Moundsville
14%
Hurricane
0%
New Martinsville
0%
No matching quizzes found
Score Distribution
Percent of People with Each Score
Percentile by Number Answered
Your Score History
You have not taken this quiz